000 00616nam a22001937a 4500
005 20251108165516.0
008 250721s1961 xx 000 0 ara d
082 1 4 _aم/816.6/رسا
100 1 _aنجم، محمد يوسف
_eمحقق
245 1 0 _aرسائل الصابي و الشريف الرضي /
264 1 _aالكويت :
_bدائره المطبوعات و النشر،
_c1961.
300 _a119ص0
490 0 _aسلسله التراث العربي؛6
650 1 7 _aالأدب العربي
650 1 7 _aالعصر العباسي
650 1 7 _aالرسائل
942 _2ddc
_cREF
999 _c29574
_d29574